<?xml version="1.0" encoding="UTF-8"?>
<record
    xmlns:xsi="http://www.w3.org/2001/XMLSchema-instance"
    xsi:schemaLocation="http://www.loc.gov/MARC21/slim http://www.loc.gov/standards/marcxml/schema/MARC21slim.xsd"
    xmlns="http://www.loc.gov/MARC21/slim">

  <leader>00759cam a22002292a 4500</leader>
  <controlfield tag="001">  010993</controlfield>
  <controlfield tag="003">  AR-FADEU</controlfield>
  <controlfield tag="008">  311216n1974####xxu####################dd</controlfield>
  <datafield tag="020" ind1=" " ind2=" ">
    <subfield code="a">0-582-53829-7</subfield>
  </datafield>
  <datafield tag="092" ind1=" " ind2=" ">
    <subfield code="a">808.831</subfield>
    <subfield code="b">S425d</subfield>
  </datafield>
  <datafield tag="100" ind1=" " ind2=" ">
    <subfield code="a">Fitzgerald, F. Scott</subfield>
  </datafield>
  <datafield tag="245" ind1=" " ind2=" ">
    <subfield code="a">The diamond as big as the ritz : and other stories</subfield>
  </datafield>
  <datafield tag="260" ind1=" " ind2=" ">
    <subfield code="a">Harlow</subfield>
  </datafield>
  <datafield tag="260" ind1=" " ind2=" ">
    <subfield code="b">Longman</subfield>
  </datafield>
  <datafield tag="260" ind1=" " ind2=" ">
    <subfield code="c">1974</subfield>
  </datafield>
  <datafield tag="300" ind1=" " ind2=" ">
    <subfield code="a">107 p. : ilus</subfield>
  </datafield>
  <datafield tag="440" ind1=" " ind2=" ">
    <subfield code="a">longman structural readers fiction stage </subfield>
    <subfield code="n">5</subfield>
  </datafield>
  <datafield tag="500" ind1=" " ind2=" ">
    <subfield code="a">Contents: The long way out. -- Bernice bobs her hair. -- The baby party. -- The sensible thing. -- The lees of happiness. -- Gretchen's forty winsks. Exercises</subfield>
  </datafield>
  <datafield tag="650" ind1=" " ind2=" ">
    <subfield code="a">/LITERATURA/CUENTO; SHORT STORIES/REVISADO/</subfield>
  </datafield>
  <datafield tag="546" ind1=" " ind2=" ">
    <subfield code="a">Ingl&#xE9;s</subfield>
  </datafield>
  <datafield tag="942" ind1=" " ind2=" ">
    <subfield code="c">BDGR</subfield>
  </datafield>
  <datafield tag="999" ind1=" " ind2=" ">
    <subfield code="c">16775</subfield>
    <subfield code="d">16775</subfield>
  </datafield>
  <datafield tag="952" ind1=" " ind2=" ">
    <subfield code="0">0</subfield>
    <subfield code="1">0</subfield>
    <subfield code="2">ddc</subfield>
    <subfield code="4">0</subfield>
    <subfield code="7">0</subfield>
    <subfield code="a">AR-FADEU</subfield>
    <subfield code="b">AR-FADEU</subfield>
    <subfield code="d">2017-02-21</subfield>
    <subfield code="i">0983</subfield>
    <subfield code="l">0</subfield>
    <subfield code="o">808.831 S425d</subfield>
    <subfield code="p">0983</subfield>
    <subfield code="r">2017-02-21 00:00:00</subfield>
    <subfield code="w">2017-02-21</subfield>
    <subfield code="y">BDGR</subfield>
    <subfield code="z">COLECCION RIDERS</subfield>
  </datafield>
  <datafield tag="952" ind1=" " ind2=" ">
    <subfield code="0">0</subfield>
    <subfield code="1">0</subfield>
    <subfield code="2">ddc</subfield>
    <subfield code="4">0</subfield>
    <subfield code="7">0</subfield>
    <subfield code="a">AR-FADEU</subfield>
    <subfield code="b">AR-FADEU</subfield>
    <subfield code="d">2017-02-21</subfield>
    <subfield code="i">0984</subfield>
    <subfield code="l">0</subfield>
    <subfield code="o">808.831 S425d</subfield>
    <subfield code="p">0984</subfield>
    <subfield code="r">2017-02-21 00:00:00</subfield>
    <subfield code="w">2017-02-21</subfield>
    <subfield code="y">BDGR</subfield>
    <subfield code="z">COLECCION RIDERS</subfield>
  </datafield>
</record>
